[Event "Titled Tuesday intern op 12th Mar Late"]
[Site "Chess.com INT"]
[Date "2024.03.12"]
[Round "4"]
[White "Castella Garcia, Fausto"]
[Black "Mihelic, Vesna"]
[Result "1-0"]
[WhiteElo "2317"]
[BlackElo "2140"]
[PlyCount "101"]
[EventDate "2024.03.12"]
[EventType "swiss (blitz)"]
[EventRounds "11"]
[EventCountry "USA"]
[SourceTitle "CB12_2024"]
[SourceDate "2023.10.01"]
[SourceVersion "1"]
[SourceVersionDate "2023.10.01"]
[SourceQuality "1"]

1. e4 e5 2. Nf3 Nc6 3. Bb5 a6 4. Ba4 d6 5. Bxc6+ bxc6 6. d4 exd4 7. Nxd4 c5 8. Nf3 g6 9. 0-0 Bg7 10. e5 Bg4 11. exd6 cxd6 12. Re1+ Ne7 13. Bg5 Be6 14. Nc3 0-0 15. Nd5 Bxd5 16. Bxe7 Bxf3 17. Qxf3 Qa5 18. Bxf8 Rxf8 19. c3 Qb6 20. Re2 Rb8 21. Rae1 Be5 22. h4 Qa5 23. a3 Qa4 24. h5 Qh4 25. g3 Qg5 26. hxg6 hxg6 27. Qd5 Kg7 28. Rxe5 dxe5 29. Qxe5+ Qxe5 30. Rxe5 c4 31. Re2 Kf6 32. Kf1 Kf5 33. Ke1 f6 34. Kd1 g5 35. Kc2 Rb6 36. f3 Rc6 37. Re4 Rb6 38. Rxc4 Ke5 39. b4 f5 40. Rc5+ Kf6 41. a4 f4 42. gxf4 gxf4 43. Kd3 Re6 44. Kd4 Re3 45. Rc6+ Kf5 46. Rxa6 Rxf3 47. Ra8 Rf1 48. a5 f3 49. Ke3 Kg4 50. Rg8+ Kh3 51. a6 1-0

[Event "Titled Tuesday intern op 12th Mar Late"]
[Site "Chess.com INT"]
[Date "2024.03.12"]
[Round "8"]
[White "Mihelic, Vesna"]
[Black "Rian, Kapriaga"]
[Result "0-1"]
[WhiteElo "2140"]
[BlackElo "2089"]
[PlyCount "56"]
[EventDate "2024.03.12"]
[EventType "swiss (blitz)"]
[EventRounds "11"]
[EventCountry "USA"]
[SourceTitle "CB12_2024"]
[SourceDate "2023.10.01"]
[SourceVersion "1"]
[SourceVersionDate "2023.10.01"]
[SourceQuality "1"]

1. e4 c6 2. d4 d5 3. exd5 cxd5 4. Bd3 Nf6 5. c3 Nc6 6. Bf4 Bg4 7. Qb3 Qc8 8. Nd2 e6 9. Ngf3 Be7 10. 0-0 Bh5 11. Rfe1 Bg6 12. Bf1 0-0 13. Ne5 Nxe5 14. Bxe5 Nd7 15. Rac1 Nxe5 16. dxe5 Rd8 17. c4 Qd7 18. c5 Bg5 19. Rcd1 Rac8 20. Nf3 Be7 21. Bb5 Qc7 22. Rc1 Bxc5 23. Qd1 Qb6 24. Qe2 a6 25. Ba4 d4 26. Qc4 h6 27. Bb3 d3 28. Qh4 d2 0-1

[Event "Wch U18 Girls blitz"]
[Site "Batumi"]
[Date "2023.06.11"]
[Round "8"]
[White "Mihelic, Vesna"]
[Black "Nguyen, Hong Nhung"]
[Result "0-1"]
[WhiteElo "1905"]
[BlackElo "1996"]
[PlyCount "130"]
[EventDate "2023.06.10"]
[EventType "swiss (blitz)"]
[EventRounds "11"]
[EventCountry "GEO"]
[SourceTitle "EXT 2024"]
[Source "ChessBase"]
[SourceDate "2023.10.10"]
[SourceVersion "1"]
[SourceVersionDate "2023.10.10"]
[SourceQuality "1"]
[WhiteTeam "Slovenia"]
[BlackTeam "Vietnam"]
[WhiteTeamCountry "SLO"]
[BlackTeamCountry "VIE"]

1. e4 c5 2. Nf3 e6 3. c4 Nc6 4. Nc3 Nf6 5. Be2 Nd4 6. Bd3 d6 7. 0-0 Be7 8. Nxd4 cxd4 9. Ne2 e5 10. Bc2 h5 11. Ba4+ Bd7 12. d3 h4 13. h3 Kf8 14. Bxd7 Qxd7 15. f4 Nh5 16. Rf3 Rc8 17. Qf1 Bf6 18. b3 b5 19. fxe5 dxe5 20. Rf5 bxc4 21. bxc4 Qe6 22. Rb1 g6 23. Rf3 Kg7 24. Ba3 Rb8 25. Kh2 g5 26. Rf5 Kg6 27. Rxb8 Rxb8 28. Bc1 Ng7 29. g4 hxg3+ 30. Nxg3 Rh8 31. Kg2 Qa6 32. Rf2 Nh5 33. Nxh5 Rxh5 34. Qe2 Rh4 35. Qf3 Qe6 36. Qf5+ Qxf5 37. exf5+ Kg7 38. Kg3 e4 39. dxe4 Rxe4 40. c5 d3 41. Rd2 Rc4 42. Ba3 Be5+ 43. Kf3 Rc3 44. Ke4 Kf6 45. Rxd3 Rc4+ 46. Kf3 Kxf5 47. Rb3 Rc2 48. Bb4 Rxa2 49. Bc3 Rc2 50. Bxe5 Kxe5 51. Rb7 a5 52. Rxf7 Rxc5 53. Rg7 Kd4 54. Ra7 Kc4 55. Ke4 Kb3 56. Kd4 Rb5 57. Re7 a4 58. Re3+ Kb4 59. Rg3 a3 60. Rg1 Rf5 61. Rb1+ Ka4 62. Kc4 Rf4+ 63. Kc5 a2 64. Rb8 Ka3 65. Ra8+ Ra4 0-1

[Event "Wch U18 Girls rapid"]
[Site "Batumi"]
[Date "2023.06.08"]
[Round "8"]
[White "Mihelic, Vesna"]
[Black "Mamardashvili, Ana"]
[Result "1-0"]
[WhiteElo "2059"]
[BlackElo "1420"]
[PlyCount "95"]
[EventDate "2023.06.06"]
[EventType "swiss (rapid)"]
[EventRounds "11"]
[EventCountry "GEO"]
[SourceTitle "CBM 214 Extra"]
[Source "ChessBase"]
[SourceDate "2023.07.31"]
[SourceVersion "1"]
[SourceVersionDate "2023.07.31"]
[SourceQuality "1"]

1. e4 d6 2. d4 Nf6 3. Nc3 g6 4. Be3 c6 5. h3 Nbd7 6. f4 Bg7 7. Nf3 0-0 8. Be2 Qc7 9. 0-0 a6 10. a4 b6 11. Qe1 Bb7 12. e5 dxe5 13. fxe5 Nd5 14. Nxd5 cxd5 15. Bd3 e6 16. Qh4 Bc6 17. Bh6 f6 18. Bxg7 Kxg7 19. exf6+ Nxf6 20. Ng5 Qd7 21. Rae1 Rae8 22. Qg3 Ne4 23. Qe5+ Kg8 24. Rxf8+ Rxf8 25. Nxe4 dxe4 26. Bxe4 Bxa4 27. b3 Bc6 28. Bxc6 Qxc6 29. Qxe6+ Qxe6 30. Rxe6 Rd8 31. c3 Rc8 32. c4 b5 33. c5 a5 34. Ra6 a4 35. bxa4 bxa4 36. Rxa4 Kf7 37. Kf2 Ke6 38. Ke3 g5 39. Ke4 h5 40. d5+ Kd7 41. Ra7+ Ke8 42. c6 g4 43. hxg4 hxg4 44. Rh7 Rd8 45. Ke5 g3 46. Ke6 Kf8 47. Rh8+ Kg7 48. Rxd8 1-0

[Event "Wch U18 Girls rapid"]
[Site "Batumi"]
[Date "2023.06.06"]
[Round "3"]
[White "Poliakova, Varvara"]
[Black "Mihelic, Vesna"]
[Result "1/2-1/2"]
[WhiteElo "2010"]
[BlackElo "2059"]
[PlyCount "117"]
[EventDate "2023.06.06"]
[EventType "swiss (rapid)"]
[EventRounds "11"]
[EventCountry "GEO"]
[SourceTitle "CBM 214 Extra"]
[Source "ChessBase"]
[SourceDate "2023.07.31"]
[SourceVersion "1"]
[SourceVersionDate "2023.07.31"]
[SourceQuality "1"]

1. e4 e5 2. Nf3 Nc6 3. Bc4 Bc5 4. c3 Nf6 5. d3 a6 6. 0-0 Ba7 7. a4 d6 8. Nbd2 0-0 9. Re1 Ng4 10. Re2 Kh8 11. h3 Nh6 12. Nf1 f5 13. Bxh6 gxh6 14. exf5 Bxf5 15. N1h2 Qf6 16. Bd5 Rab8 17. Qd2 Ne7 18. Be4 Rg8 19. Bxf5 Nxf5 20. Re4 h5 21. Kh1 Qg6 22. Ne1 Rbf8 23. Nhf3 Qf6 24. Rb4 Bc5 25. Rxb7 Nh4 26. Qe2 Nxg2 27. Nxg2 Qxf3 28. Qxf3 Rxf3 29. d4 exd4 30. b4 Rxf2 31. Nh4 Rf4 32. Ng2 Rf2 33. Nh4 dxc3 34. bxc5 c2 35. cxd6 Rd2 36. Rxc7 Rd1+ 37. Kh2 Rxa1 38. Rxc2 Rxa4 39. Nf5 Rf4 40. Ne7 Rd8 41. Rc6 a5 42. Ra6 a4 43. Kg3 Rd4 44. Nf5 Rd5 45. Ne3 R5xd6 46. Rxa4 Rd3 47. Re4 Rf8 48. Kh4 Rf3 49. Nc4 Rxh3+ 50. Kg5 Rdg3+ 51. Kf5 Rf3+ 52. Kg5 Kg7 53. Re7+ Kg8 54. Ne5 Rfg3+ 55. Kf6 Rf3+ 56. Nxf3 Rxf3+ 57. Kg5 Rh3 58. Kf6 Rf3+ 59. Kg5 1/2-1/2

[Event "EU-ch Rapid"]
[Site "Katowice"]
[Date "2022.12.17"]
[Round "5"]
[White "Varvadoukas, Theodoros"]
[Black "Mihelic, Vesna"]
[Result "1/2-1/2"]
[WhiteElo "2109"]
[BlackElo "2040"]
[PlyCount "186"]
[EventDate "2022.12.17"]
[EventType "swiss (rapid)"]
[EventRounds "11"]
[EventCountry "POL"]
[SourceTitle "CBM 211 Extra"]
[Source "ChessBase"]
[SourceDate "2023.01.31"]
[SourceVersion "1"]
[SourceVersionDate "2023.01.31"]
[SourceQuality "1"]

1. c4 e6 2. Nf3 d5 3. g3 Nf6 4. Bg2 c6 5. Qc2 Be7 6. 0-0 0-0 7. d4 b6 8. cxd5 cxd5 9. Bf4 Bb7 10. Ne5 Nbd7 11. Nc6 Bxc6 12. Qxc6 Rc8 13. Qa4 a5 14. Nc3 Nb8 15. Rac1 Rc4 16. Qd1 Qd7 17. b3 Rc6 18. Na4 Ba3 19. Rxc6 Qxc6 20. g4 b5 21. Nc5 Bxc5 22. dxc5 Qxc5 23. g5 Nfd7 24. Qd2 Nc6 25. Rc1 Qb6 26. h4 Rc8 27. h5 Ne7 28. Rxc8+ Nxc8 29. g6 hxg6 30. hxg6 Nf6 31. gxf7+ Kxf7 32. Qc3 Nd6 33. Be3 Qd8 34. Qc6 Qd7 35. Qb6 a4 36. Bc5 Nde4 37. Bd4 axb3 38. axb3 Nd2 39. b4 Nc4 40. Qb8 Qe8 41. Qb7+ Qd7 42. Qb8 Qe8 43. Qf4 Qe7 44. Bc5 Qd7 45. Bh3 Qc6 46. f3 e5 47. Qg5 e4 48. Bf5 Ne5 49. f4 Ned7 50. Qg6+ Kg8 51. Be3 Qd6 52. Kg2 d4 53. Bf2 e3 54. Bg3 Qd5+ 55. Kh2 Qa2 56. Bd3 Qd5 57. Bh4 Nf8 58. Qg2 Ne6 59. Qxd5 Nxd5 60. f5 Nef4 61. Bxb5 Nxb4 62. Be7 Nbd5 63. Bc4 Kf7 64. Bg5 Ke8 65. Kg3 Nh5+ 66. Kf3 Nc3 67. Kg4 Nf6+ 68. Kf4 Nfd5+ 69. Ke5 Nb6 70. Bd3 Kf7 71. Kxd4 Nd1 72. Bc2 Nf2 73. Kxe3 Ng4+ 74. Kf4 Nf6 75. Bb3+ Kf8 76. e4 Ke8 77. Bh4 Kf8 78. Bf2 Nbd7 79. Bd4 Nh5+ 80. Kg5 Ng3 81. e5 Ne4+ 82. Kf4 Nec5 83. Bc4 Nb7 84. Bb2 Ndc5 85. Ba3 Ke8 86. Ke3 Nd7 87. Kd4 Nb6 88. Bb5+ Kd8 89. f6 gxf6 90. exf6 Nd7 91. Bxd7 Kxd7 92. f7 Nd8 93. Kd5 Nxf7 1/2-1/2

[Event "EU-ch Blitz"]
[Site "Katowice"]
[Date "2022.12.16"]
[Round "3"]
[White "Mihelic, Vesna"]
[Black "Seemann, Jakub"]
[Result "0-1"]
[WhiteElo "2040"]
[BlackElo "2365"]
[PlyCount "82"]
[EventDate "2022.12.16"]
[EventType "swiss (blitz)"]
[EventRounds "22"]
[EventCountry "POL"]
[SourceTitle "CBM 211 Extra"]
[Source "ChessBase"]
[SourceDate "2023.01.31"]
[SourceVersion "1"]
[SourceVersionDate "2023.01.31"]
[SourceQuality "1"]

1. e4 e6 2. d4 d5 3. exd5 exd5 4. Bd3 Nf6 5. Nf3 c5 6. 0-0 c4 7. Re1+ Be7 8. Bf1 0-0 9. c3 Nc6 10. h3 h6 11. Bf4 Bf5 12. Nbd2 Rc8 13. Ne5 b5 14. b4 a5 15. a3 Ne4 16. Nxe4 Bxe4 17. Qg4 Nxe5 18. Bxe5 Bf6 19. f3 Bg6 20. g3 h5 21. Bxf6 Qxf6 22. Qf4 Qxf4 23. gxf4 Ra8 24. Kf2 h4 25. Rac1 axb4 26. axb4 Ra2+ 27. Kg1 f6 28. Re6 Rfa8 29. Rb6 Bd3 30. Re1 Bxf1 31. Kxf1 Rc2 32. Rxb5 Raa2 33. Rxd5 Rf2+ 34. Kg1 Rg2+ 35. Kh1 Rh2+ 36. Kg1 Rxh3 37. Rd7 Rg3+ 38. Kh1 Rgg2 39. b5 h3 40. b6 Rh2+ 41. Kg1 Rag2+ 0-1

[Event "EU-ch U16 Girls 30th"]
[Site "Antalya"]
[Date "2022.11.12"]
[Round "7"]
[White "Kochavi, Dana"]
[Black "Mihelic, Vesna"]
[Result "1-0"]
[WhiteElo "1928"]
[BlackElo "2057"]
[PlyCount "117"]
[EventDate "2022.11.06"]
[EventType "swiss"]
[EventRounds "9"]
[EventCountry "TUR"]
[SourceTitle "CBM 211 Extra"]
[Source "ChessBase"]
[SourceDate "2023.01.31"]
[SourceVersion "1"]
[SourceVersionDate "2023.01.31"]
[SourceQuality "1"]

1. e4 e5 2. Nf3 Nc6 3. Bb5 a6 4. Ba4 Nf6 5. 0-0 d6 6. Re1 Be7 7. c3 b5 8. Bc2 0-0 9. a4 Bg4 10. h3 Bh5 11. d3 Nd7 12. Nbd2 Na7 13. Nf1 c5 14. Ng3 Bg6 15. Be3 Nc6 16. Qe2 Nb6 17. d4 Nc4 18. d5 Nxe3 19. fxe3 Na7 20. axb5 Nxb5 21. Bd3 Qb6 22. Nf5 Bxf5 23. exf5 Nc7 24. Ra2 a5 25. Nd2 Ra7 26. Nc4 Qb7 27. e4 Rfa8 28. Ra4 Ne8 29. Rea1 Bd8 30. R1a2 Qe7 31. Qe1 Bc7 32. b4 Qd8 33. Qa1 cxb4 34. cxb4 Bb6+ 35. Nxb6 Qxb6+ 36. Kh1 Qe3 37. Bc2 Qd2 38. Rxa5 Rxa5 39. bxa5 Nc7 40. Ba4 Qd3 41. Bc6 Rb8 42. Rb2 Na6 43. Rxb8+ Nxb8 44. Bb7 Qxe4 45. a6 Nxa6 46. Qxa6 h6 47. Qf1 Qc2 48. Ba6 Qa2 49. Bc4 Qc2 50. Bd3 Qd2 51. Be4 Qe3 52. Qf3 Qe1+ 53. Kh2 f6 54. Bc2 Qb4 55. Qe4 Qd2 56. Ba4 Kf8 57. Qc4 Kg8 58. Be8 Qa5 59. Qc8 1-0

[Event "EU-ch U16 Girls 30th"]
[Site "Antalya"]
[Date "2022.11.11"]
[Round "6"]
[White "Mihelic, Vesna"]
[Black "Shvedova, Alexandra"]
[Result "1/2-1/2"]
[WhiteElo "2057"]
[BlackElo "2090"]
[PlyCount "139"]
[EventDate "2022.11.06"]
[EventType "swiss"]
[EventRounds "9"]
[EventCountry "TUR"]
[SourceTitle "CBM 211 Extra"]
[Source "ChessBase"]
[SourceDate "2023.01.31"]
[SourceVersion "1"]
[SourceVersionDate "2023.01.31"]
[SourceQuality "1"]

1. e4 c5 2. Nf3 d6 3. Bb5+ Nd7 4. 0-0 a6 5. Bd3 Ngf6 6. c3 b5 7. Bc2 c4 8. Re1 e6 9. d4 cxd3 10. Bxd3 Nc5 11. Bc2 Bb7 12. Nbd2 Qc7 13. b3 Be7 14. Bb2 0-0 15. e5 dxe5 16. Nxe5 Rad8 17. Qe2 Ncd7 18. c4 Nb6 19. Ne4 Bxe4 20. Bxe4 bxc4 21. Nc6 Rc8 22. Be5 Qb7 23. Nxe7+ Qxe7 24. Bxf6 Qxf6 25. Bb7 Rc7 26. Bxa6 cxb3 27. axb3 Qc3 28. Qe5 Ra8 29. Bc4 Qxe5 30. Rxa8+ Nxa8 31. Rxe5 Nb6 32. Rb5 Rc6 33. Kf1 g6 34. Bd3 Nd5 35. Be4 Rc1+ 36. Ke2 Nf6 37. Bf3 Kf8 38. b4 Ke7 39. Rb7+ Nd7 40. Kd2 Rc8 41. Be2 Kd6 42. Bb5 Nf6 43. Rxf7 Nd5 44. Ba6 Rd8 45. b5 h5 46. Ke2 Ke5 47. g3 Nc3+ 48. Kf3 Rb8 49. Rc7 Kd4 50. Rc6 Nxb5 51. Rxe6 g5 52. Re4+ Kd5 53. Ke3 Nd6 54. Rd4+ Ke5 55. f4+ gxf4+ 56. gxf4+ Ke6 57. Bc4+ Nxc4+ 58. Rxc4 Rb2 59. h4 Rb3+ 60. Ke4 Rh3 61. f5+ Kf6 62. Rc6+ Kf7 63. Ke5 Rxh4 64. Rc7+ Kg8 65. Kf6 Rf4 66. Kg6 Rg4+ 67. Kxh5 Rg1 68. Rc6 Kf7 69. Kh6 Rg2 70. Kh5 1/2-1/2